01761cam a22004094i 4500003000900000005001700009008004100026020001500067035002700082040003300109049000900142082002100151100002900172245006300201264006000264300006000324336002100384337002500405338002300430490004400453505020900497526000900706526000900715526000800724526000800732526000800740526000800748630003500756650003800791942001400829949012400843994001400967596000600981999015300987980005501140952015601195PE-LiUPU20250731175621.0150623s1992 is r 000 0 spa d a9653426028 a(Sirsi) i9789653426023 aPE-LiUPUbspacPE-LiUPUerda aPRUA04a492.402bA312211 aAhituv, Shamuel,eautor.10aHandbook of ancient hebrew inscriptions /cShamuel Ahituv. 1aJerusalem :bThe biblical encyclopaedia library,c1992. a317 páginas :bilustraciones fotos ;c21 centimetros. atext2rdacontent aunmediated2rdamedia avolume2rdacarrier0 aThe biblical encyclopaedia library ;v70 aHandbook of ancient hebrew inscriptions: From the period of the first commonwealth and the begining of the second commonwealth (Hebrew, philistine, Edomite, Moabite, Ammonite and the bibleam inscription). aP145 aP127 aP97 aP35 aP14 aP07 aBiblia.pA.T.xAntigüedades.04aInscripciones HebreaszPalestina. 2ddccBOOK a492.402 A31wDEWEYc1i43836lCCODEBUL1mBULr0sYtBOOKu2015-6-24xTEOLOGIAPP350COMPRAo.STAFF. Colección General aC0bPEPRU a1 a492.402 A31wDEWEYc20238i43836d20238f2021-11-11g4lCCODEBUL1mBULq1r0sYtBOOKu2015-6-24xTEOLOGIAPP350COMPRAo.STAFF. Colección General 81gALBERTO SANCHEZ Responsable de Automatización r2025-12-02 00:00:00i5l0o492.402 A31p43836te1w2015-06-24xFTyBKzinventario-2023-12-13102ddc50708GENfP35aBULbBULcGENd2015-06-24eCOMPRA